|
|
|
|
| LEADER |
00000nab a2200000uu 4500 |
| 001 |
vtls011453001 |
| 003 |
SK-MaSNL |
| 005 |
20260303113328.0 |
| 008 |
230121|1964 xo |||||||||||||||||cze| |
| 015 |
|
|
|a SNBRB
|
| 035 |
|
|
|a (urnnbn)urn:nbn:sk:snk:ar-007zlp
|
| 035 |
|
|
|a (uuid)5ee64feb-cec9-42a8-8020-f4d35b6a9069
|
| 035 |
|
|
|a urn:nbn:sk:snk-abcols
|
| 040 |
|
|
|a SNKBUCL
|b slo
|c SNKBUCL
|e AACR2
|
| 041 |
0 |
|
|a cze
|
| 044 |
|
|
|a xo
|c SK
|
| 100 |
1 |
|
|a Šarvaš, J.
|4 aut
|9 1126921
|
| 245 |
1 |
0 |
|a NOVÁ LÉKÁRNA V PRAZE
|c J. Šarvaš
|
| 773 |
0 |
|
|t Farmaceutický obzor : odborný časopis Ministerstva zdravotníctva Slovenskej republiky a Slovenskej zdravotníckej univerzity v Bratislave
|g Roč. 33, č. 3 (1964), s. 118-119
|
| 954 |
|
|
|a odborná, vedecká literatúra cudzojazyčná (svetová)
|2 lita
|
| 958 |
|
|
|a OND
|
| 958 |
|
|
|a EUIPO
|
| 958 |
|
|
|a article16
|
| 999 |
|
|
|c 1891855
|d 1893785
|